Statistics for Taylor Swift Song By Opening Lyrics

Click here to take the quiz!

General Stats

  • This quiz has been taken 274 times
  • The average score is 14 of 23

Answer Stats

HintAnswer% Correct
Loving him is like driving a new Maserati down a dead-end streetRed
93%
You, with your words like knivesMean
88%
Midnight, You come and pick me up, no headlightsStyle
87%
I'm so glad you made time to see me.Back To December
79%
You and I walk a fragile line I have known it all this timeHaunted
74%
People like you always want back the love they gave awayAll You Had to do was Stay
67%
Looking at it now It all seems so simpleOut Of The Woods
66%
Put your lips close to mine As long as they don't touchTreacherous
64%
Walking through a crowd The village is aglowWelcome To New York
63%
I was reminiscing just the other day,Holy Ground
63%
I said remember this moment in the back of my mindLong Live
63%
I still remember the look on your face Lit through the darkness at 1:58Last Kiss
61%
Clear blue water, high tide came and brought you inThis Love
60%
I find myself at your door, Just like all those times before,The Last Time
57%
One look, dark room Meant just for youYou are In Love
56%
I guess you really did it this timeInnocent
53%
You stand with your hand on your waistlineI Know Places
51%
I took a chance, I took a shotTell Me Why
48%
Cory's eyes are like a jungle He smiles, it's like the radioStay Beautiful
47%
You said it in a simple way, 4 AM, the second day,Come Back Be Here
44%
You have a way of coming easily to meCold As You
43%
Seems the only one who doesn't see your beauty Is the face in the mirror looking back at youTied Together with a Smile
40%
She can’t see the way your eyes Light up when you smile.Invisible
35%

Score Distribution

Percentile by Number Answered

Percent of People with Each Score

Your Score History

You have not taken this quiz